| 000 | 00541nam a2200169Ia 4500 | ||
|---|---|---|---|
| 003 | SGT | ||
| 020 | _a8174090320 | ||
| 082 |
_a624.151 _bGAR |
||
| 100 | _aGarg,S.K | ||
| 245 | _aPhysical and engineering geology | ||
| 250 | _a7th rev . Ed. | ||
| 260 |
_bKhanna Books Publishing Co. Ltd. _aN. Delhi _c2012 |
||
| 300 | _a800p. | ||
| 650 | _aCIVIL ENGINEERING | ||
| 653 | _aINTRODUCTION TO THE SUBJECT,THE EARTH ON WHICH WE ARE LIVING,ROCKS OF THE EARTH'S CRUST,METAMORPHIC ROCKS,THE EXTERNAL GEOLOGICAL FORCES CAUSING, | ||
| 942 |
_2ddc _cBK _011 |
||
| 999 |
_c5773 _d5773 |
||